Las siete tragedias

Na minha lista:
Detalhes bibliográficos
Autor principal: Sófocles
Formato: Livro
Idioma:Undetermined
Publicado em: Argentina Editorial Porrúa 1979
Edição:7
Assuntos:
Tags: Adicionar Tag
Sem tags, seja o primeiro a adicionar uma tag!

MARC

LEADER 00000nam a2200000Ia 4500
008 170316s9999 xx 000 0 und d
040 |a cru BVZT 
090 |a 880 S-3s 
100 |a Sófocles 
245 |a Las siete tragedias 
250 |a 7 
260 |a Argentina 
260 |b Editorial Porrúa 
260 |c 1979 
300 |a 224 páginas 
650 |a LITERATURA GRIEGA 
650 |a TRAGEDIAS GRIEGAS 
999 |c 11976  |d 11976 
942 |c 15 D  |h 880 S-3s  |2 z